000 01393cab a2200289 4500
001 ABS67421
008 040126n2004 000 0 eng u
035 _a(Sirsi) u124913
100 _aBridge, S.
245 _aShort cut to fairness
260 _c2004
490 _aEstates Gazette
_v(0403) 17 January 2004, 92-94(3)
520 _aReviews the Law Commission's "Towards a compulsory purchase code: (1) compensation". The key feature of the report is the compensation code based on the principle of fair compensation aimed at ensuring equitable dealings between the authority and landowner. Concludes that legislation based upon the code would reduce the time spend on legislative interpretation and would speed up settlements. The report may be viewed at www.lawcom.gov.uk.
590 _aABS
650 _aValuation
_96273
650 _aMARKET VALUE
650 _aCONSEQUENTIAL LOSS
650 _aDEPRECIATION
650 _aPUBLIC WORKS
650 _aEQUIVALENT REINSTATEMENT
650 _aLAND COMPENSATION ACT 1973
650 _aPOINTE GOURDE QUARRYING AND TRANSPORT CO LTD V CROWN LANDS SUPERINTENDENT
650 _aPLANNING ASSUMPTIONS
690 _aENVIRONMENTAL AND LAND CONSULTANCY-PLANNING AND DEVELOPMENT-COMPULSORY PURCHASE AND COMPENSATION
856 _uhttps://www.lawcom.gov.uk/190.htm#lc286
_zView the report on the Law Commission website...
942 _n0
999 _c74079
_d74079